Zvířecí záchranáři a štěně /
Další dobrodružství party zvířecích záchranářů, kteří chodí do stejné školy a mají rádi zvířata. Kratší kapitoly a větší písmenka jsou vhodné pro začínající čtenáře.
Uloženo v:
| Hlavní autor: | |
|---|---|
| Další autoři: | |
| Médium: | Kniha |
| Jazyk: | Czech |
| Vydáno: |
Praha :
Bambook,
2026
|
| Vydání: | Vydání 1. |
| Edice: | Čtení pro prvňáčky
|
| Témata: | |
| Celkem bylo vypůjčeno: | 0x |
| Tagy: |
Žádné tagy |
| LEADER | 02129nam a2200433 i 4500 | ||
|---|---|---|---|
| 001 | 106292 | ||
| 003 | CZ PrNK | ||
| 005 | 20260511112611.0 | ||
| 007 | ta | ||
| 008 | 260414s2026 xr a b 000 j cze | ||
| 015 | |a cnb003751024 | ||
| 020 | |a 9788027161584 |q (vázáno) : |c Kč 249,00 | ||
| 040 | |a ABG001 |b cze |e rda | ||
| 072 | 7 | |a 821.162.3-3 |x Česká próza |2 Konspekt |9 25 | |
| 072 | 7 | |a 821-93 |x Literatura pro děti a mládež (beletrie) |2 Konspekt |9 26 | |
| 080 | |a 821.162.3-32 |2 MRF | ||
| 080 | |a 821-93 |2 MRF | ||
| 080 | |a (0:82-32) |2 MRF | ||
| 100 | 1 | |a Rožnovská, Lenka, |d 1972- |7 xx0130765 |4 aut |9 14918 | |
| 245 | 1 | 0 | |a Zvířecí záchranáři a štěně / |c napsala Lenka Rožnovská ; ilustrovala Lucia Derčalíková |
| 250 | |a Vydání 1. | ||
| 264 | 1 | |a Praha : |b Bambook, |c 2026 | |
| 300 | |a 71 stran : |b barevné ilustrace ; |c 22 cm | ||
| 336 | |a text |b txt |2 rdacontent | ||
| 337 | |a bez média |b n |2 rdamedia | ||
| 338 | |a svazek |b nc |2 rdacarrier | ||
| 490 | 1 | |a Čtení pro prvňáčky | |
| 520 | 2 | |a Další dobrodružství party zvířecích záchranářů, kteří chodí do stejné školy a mají rádi zvířata. Kratší kapitoly a větší písmenka jsou vhodné pro začínající čtenáře. |b Tak to jsou zase oni - zvířecí záchranáři: děda Orlík, dlouhán Matyáš, chytrý Miki, tichošlápek Petr, pomalý Erik a jeho zrychlená ségra Sofie. Jednoho dne se vydají na jarní procházku k potoku. Přitom objeví odložené štěně, které nedýchá. Podaří se jim zachránit mu život? Nakladatelská anotace. Kráceno. | |
| 655 | 7 | |a české příběhy |7 fd133973 |2 czenas |9 54030 | |
| 655 | 7 | |a publikace pro děti |7 fd133156 |2 czenas |9 23 | |
| 655 | 9 | |a Czech stories |2 eczenas | |
| 655 | 9 | |a children's literature |2 eczenas | |
| 700 | 1 | |a Derčalíková, Lucia |7 mzk20221171725 |4 ill |9 115291 | |
| 710 | 2 | |a Bambook (nakladatelství) |7 ko20251277654 |4 pbl |9 117206 | |
| 830 | 0 | |a Čtení pro prvňáčky | |
| 910 | |a UOG502 | ||
| 942 | |2 ddc |c KN | ||
| 999 | |d 106292 | ||
| 993 | |0 0 |1 421180107017 |2 ddc |4 0 |6 M |7 0 |9 99660 |b 0 |c 107017 |d 2026-05-11 |e 0 |f M |g M |h 249.00 |i Koupě |l M |r 2026-05-11 |t 8 |w 2026-05-11 |y KN |z BELET |n | ||